000 00837nam a2200205 i 4500
001 166290
003 ES-MaACL
005 20230906213312.0
008 050919s1869 gw | |||||||| ||eng d
040 _aCAM
_bspa
_cCAM
100 1 _aCraik, Dinah Maria Mulock (
_d1826-1887)
_9126631
245 1 0 _aThree tales for girls
_b: Alice Learmont: Michael the miner: How to win love /
_cby the authorof "John Halifax, Gentleman"; with a frontispiece by B. Plockhorst.
260 _aLeipzig :
_bBernhard Tauchnitz,
_c1869.
300 _a302 p. ;
_c16 cm.
490 1 _aSeries for the young. Tauchnitz edition ;
_v15
598 _aMención de serie consta en la cub.
830 0 _aSeries for the young. Tauchnitz edition ;
_v15
_9222544
852 _aES-MaACL
_jG-13116
_z-- Enc. hol., conservando la enc. original
999 _c166290
_d166290